Theory and practice of e-commerce / (Record no. 41972)
[ view plain ]
| 000 -LEADER | |
|---|---|
| fixed length control field | 00675nam a22001937a 4500 |
| 005 - DATE AND TIME OF LATEST TRANSACTION | |
| control field | 20100814153324.0 |
| 010 ## - LCCN (DPL NO) | |
| LC control number | ENG-100417 |
| 020 ## - INTERNATIONAL STANDARD BOOK NUMBER | |
| International Standard Book Number | 9788190756358 |
| Terms of availability | 80.00 |
| 035 ## - SYSTEM CONTROL NUMBER | |
| System control number | EN-83950 |
| 037 ## - SOURCE OF ACQUISITION | |
| Source of stock number/acquisition | DBAD/PUB |
| 082 ## - DEWEY DECIMAL CLASSIFICATION NUMBER | |
| Classification number | 658.84 |
| 100 ## - MAIN ENTRY--PERSONAL NAME | |
| Personal name | Ezhumalai, M. |
| 245 ## - TITLE STATEMENT | |
| Title | Theory and practice of e-commerce / |
| Statement of responsibility, etc | by M. Ezhumalai |
| 260 ## - PUBLICATION, DISTRIBUTION, ETC. (IMPRINT) | |
| Place of publication, distribution, etc | Chennai |
| Name of publisher, distributor, etc | Kamaraj Pathipagam |
| Date of publication, distribution, etc | 2008 |
| 270 ## - ADDRESS | |
| Address | 14/135, Kamaraj Street K. K. district |
| City | Chennai |
| 300 ## - PHYSICAL DESCRIPTION | |
| Extent | 112p. |
| Dimensions | 20cm (pbk) |
| 942 ## - ADDED ENTRY ELEMENTS (KOHA) | |
| Source of classification or shelving scheme | Dewey Decimal Classification |
| Item type | English Books |
| Classification part | 658.84 |
| Call number suffix | EZH |
| Withdrawn status | Lost status | Not for loan | Collection code | Home library | Current library | Date acquired | Source of acquisition | Cost, normal purchase price | Full call number | Barcode | Copy number | Cost, replacement price | Koha item type |
|---|---|---|---|---|---|---|---|---|---|---|---|---|---|
| Not For Loan | Non-fiction | D.B.Act.Division | D.B.Act.Division | 14/08/2010 | DBAD/PUB | 80.00 | 658.84 EZH | EN-83950 | 1 | 80.00 | English Books |
